000 00691nam a2200265Ia 4500
005 20260121165656.0
008 008 260114s9999 xx 000 0 eng d
020 _a9783319577081
037 _aEBOOK
040 _aCRL
040 _beng
040 _cCRL
041 _2eng
041 _aeng
084 _qCRL
100 _aShaoying Liu, Zhenhua Duan, Cong Tian, Fumiko Nagoya
_91054656
245 0 _aStructured Object-Oriented Formal Language and Method
260 _bSpringer
260 _bSpringer
260 _c2017
856 _uhttps://link.springer.com/openurl?genre=book&isbn=978-3-319-57708-1
942 _cEBOOK
999 _c1620383
_d1620383